| 000 | 00997nam a22002417a 4500 | ||
|---|---|---|---|
| 001 | 44122 | ||
| 003 | BD-RjUL | ||
| 005 | 20211209053814.0 | ||
| 008 | 160713s1965 bg ||||| |||| 00| 0 ben d | ||
| 020 | _c: TK 3.50 | ||
| 035 | _a(BD-RjUL)44240 | ||
| 040 |
_aBD-RjUL _bben _cBD-RjUL |
||
| 041 | _aben | ||
| 082 |
_223 _a297.272 _bISI 1965 |
||
| 100 |
_aইসলাহী, ছদরুদ্দীন _9135466 |
||
| 245 | 1 | 0 |
_aইসলামী রাষ্ট্র প্রতিষ্ঠার দায়িত্ত্ব / _cছদরুদ্দীন ইসলাহী |
| 260 |
_aঢাকা : _bইসলামিক পাবলিকেশন্স, _c১৯৬৫ |
||
| 300 |
_a[১৬], ২২৮ পৃ. ; _c১৮ সেমি. |
||
| 650 |
_aIslam and state. _9135467 |
||
| 650 |
_aইসলাম ও রাষ্ট্র _9122856 |
||
| 700 |
_aরহমান, মুহাম্মাদ হাবীবুর, অনুবাদ _9135468 |
||
| 942 |
_2ddc _cBK |
||
| 999 |
_c44122 _d44122 |
||